Ciudad, gobernanza y planificacin̤ estratǧica Aportes de la experiencia de Ms̤toles /

Bibliographic Details
Main Author: Arenilla Sèz, Manuel
Format: eBook
Language:Spanish
Published: Madrid : Dykinson, 2013
Subjects:
Online Access:Acceso restringido

MARC

LEADER 00000nam a22000007a 4500
005 2013112705425.0
007 cr|||| ||||
008 131127s2013 sp |||||s|||| 00||0 spa d
020 |a 978-84-9031-546-0 
035 |a 11662 
040 |a vLex 
090 |c 4592  |d 4592 
100 1 |a Arenilla Sèz, Manuel 
245 1 0 |a Ciudad, gobernanza y planificacin̤ estratǧica  |h [Recurso electrn̤ico] :  |b Aportes de la experiencia de Ms̤toles /  |c Manuel Arenilla Sèz  
256 |a Servicio en ln̕ea 
260 |a Madrid :  |b Dykinson,  |c 2013 
300 |a 1 recurso electrn̤ico 
506 1 |a Contenido solo disponible en los productos indicados  |d vLex Global  |d vLex Global (Academic Edition, excluding Law Schools)  |d vLex Global (U.S. Academic Edition, Law Schools)  |d vLex Global (U.S. Academic Edition, excluding Law Schools)  |d vLex Global (Academic Edition, Law Schools) 
650 0 4 |a Planificacin̤ estratǧica 
740 0 |a vLex Libros (Servicio en ln̕ea) 
856 4 0 |u http://vlex.com/source/ciudad-gobernanza-y-planificacion-estrategica-11662  |z Acceso restringido 
942 |c BOOK 
999 0 |a Strategic planning